000 00167nam a22000857a 4500
999 _c64845
_d64842
082 _a۲۹۷۔۵۷
100 _aم ء س
245 _aتسری انکھ سے
942 _cBK